[Event "Hoogeveen op 25th"]
[Site "Hoogeveen"]
[Date "2022.10.19"]
[Round "5"]
[White "Mellema, Andries"]
[Black "Maatman, Nick"]
[Result "1/2-1/2"]
[WhiteElo "2155"]
[BlackElo "2341"]
[PlyCount "104"]
[EventDate "2022.10.15"]
[EventType "swiss"]
[EventRounds "9"]
[EventCountry "NED"]
[SourceTitle "CBM 210 Extra"]
[Source "ChessBase"]
[SourceDate "2022.11.30"]
[SourceVersion "1"]
[SourceVersionDate "2022.11.30"]
[SourceQuality "1"]

1. e4 e5 2. Bc4 Nf6 3. d3 c6 4. Nf3 d5 5. Bb3 a5 6. a4 Bb4+ 7. c3 Bd6 8. 0-0 0-0 9. Bg5 dxe4 10. dxe4 h6 11. Bh4 g5 12. Bg3 Qe7 13. Nbd2 Bc7 14. Re1 Nbd7 15. Nc4 Rd8 16. Qe2 Nh5 17. Ne3 Nxg3 18. hxg3 Nc5 19. Bc2 f6 20. Nf5 Bxf5 21. exf5 Kg7 22. Nd4 Qf7 23. Ne6+ Nxe6 24. fxe6 Qxe6 25. g4 e4 26. Bxe4 Re8 27. Qf3 Rad8 28. Re3 Bb6 29. Re2 Qe5 30. g3 Qc5 31. Rae1 Re5 32. Bc2 Rdd5 33. Rxe5 Rxe5 34. Rxe5 Qxe5 35. Kf1 Qd5 36. Be4 Qc4+ 37. Kg2 Qc5 38. Qe2 Qe5 39. Qd3 Kf8 40. Qf3 Ke7 41. b3 Kd8 42. b4 Kc7 43. b5 Qe6 44. bxc6 bxc6 45. Qe2 Bc5 46. Qf3 Kb6 47. Qd3 Kc7 48. Kf1 Qa2 49. Qc2 Qxc2 50. Bxc2 Kd6 51. Bg6 Bb6 52. Ke2 Ba7 1/2-1/2

[Event "Hoogeveen op 22nd"]
[Site "Hoogeveen"]
[Date "2018.10.26"]
[Round "8"]
[White "Achuthan, Dylan"]
[Black "Mellema, Andries"]
[Result "0-1"]
[WhiteElo "1751"]
[BlackElo "2140"]
[PlyCount "76"]
[EventDate "2018.10.20"]
[EventType "swiss"]
[EventRounds "9"]
[EventCountry "NED"]
[SourceTitle "CBM 187 Extra"]
[Source "ChessBase"]
[SourceDate "2018.11.04"]
[SourceVersion "1"]
[SourceVersionDate "2018.11.04"]
[SourceQuality "1"]

1. Nf3 Nf6 2. b3 g6 3. Bb2 Bg7 4. g4 h6 5. h4 d5 6. Bh3 c5 7. e3 Nc6 8. Qe2 Bd7 9. d3 Qc8 10. Nbd2 Bxg4 11. Bxg4 Qxg4 12. 0-0-0 0-0-0 13. Rdg1 Qd7 14. a4 Qc7 15. Kb1 Kb8 16. Nf1 Nh5 17. Bxg7 Nxg7 18. Ng3 Na5 19. d4 f6 20. Ka2 Rc8 21. Rc1 Qb6 22. Rb1 Nc6 23. c3 e5 24. Rhd1 Rhd8 25. Qb5 cxd4 26. Qxb6 axb6 27. exd4 e4 28. Nh2 f5 29. Ne2 Ne6 30. Rg1 g5 31. Ng3 Ne7 32. Rbc1 Nf4 33. Rc2 Nd3 34. Kb1 Nf4 35. Ka2 Rg8 36. hxg5 hxg5 37. Rgc1 Nd3 38. Rg1 Nb4+ 0-1

[Event "Hoogeveen op 21st"]
[Site "Hoogeveen"]
[Date "2017.10.23"]
[Round "3"]
[White "Mellema, Andries"]
[Black "Aan, Sikka"]
[Result "0-1"]
[WhiteElo "2164"]
[BlackElo "1918"]
[PlyCount "60"]
[EventDate "2017.10.21"]
[EventType "swiss"]
[EventRounds "9"]
[EventCountry "NED"]
[SourceTitle "CBM 181 Extra"]
[Source "ChessBase"]
[SourceDate "2017.12.12"]
[SourceVersion "1"]
[SourceVersionDate "2017.12.12"]
[SourceQuality "1"]

1. Nc3 c5 2. e4 Nc6 3. Nf3 g6 4. d4 cxd4 5. Nxd4 Bg7 6. Be3 Nf6 7. Bc4 Qa5 8. 0-0 0-0 9. Bb3 d6 10. h3 Bd7 11. f4 Nxd4 12. Bxd4 Bc6 13. Qd3 Nd7 14. Bxg7 Kxg7 15. Kh1 Qc5 16. Rae1 Rad8 17. Nd5 e6 18. c4 exd5 19. exd5 Rfe8 20. dxc6 bxc6 21. Rd1 Nf6 22. Qc3 Re3 23. Rd3 Rxd3 24. Qxd3 Re8 25. Rd1 Qf2 26. Ba4 Re3 27. Rf1 Qg3 28. Qxd6 Ne4 29. Qe5+ Kh6 30. Bxc6 Nf2+ 0-1

[Event "Vlissingen HZ op 21st"]
[Site "Vlissingen"]
[Date "2017.08.07"]
[Round "4"]
[White "De Jong, Migchiel"]
[Black "Mellema, Andries"]
[Result "1-0"]
[WhiteElo "2338"]
[BlackElo "2155"]
[PlyCount "99"]
[EventDate "2017.08.05"]
[EventType "swiss"]
[EventRounds "9"]
[EventCountry "NED"]
[SourceTitle "CBM 179 Extra"]
[Source "ChessBase"]
[SourceDate "2017.08.23"]
[SourceVersion "1"]
[SourceVersionDate "2017.08.23"]
[SourceQuality "1"]

1. e4 e6 2. d4 d5 3. Nc3 Nf6 4. e5 Nfd7 5. f4 c5 6. Nf3 Nc6 7. Be3 a6 8. Qd2 b5 9. dxc5 Bxc5 10. Bxc5 Nxc5 11. Qf2 Qb6 12. Bd3 b4 13. Ne2 a5 14. 0-0 Rb8 15. Ned4 Nxd4 16. Nxd4 0-0 17. Nb3 Nxd3 18. Qxb6 Rxb6 19. cxd3 Ba6 20. Nc5 Bb5 21. Rfc1 d4 22. a4 bxa3 23. bxa3 Rc8 24. Rab1 Rbb8 25. Kf2 h5 26. Ke1 Bc6 27. Rxb8 Rxb8 28. Nxe6 fxe6 29. Rxc6 Rb3 30. Rxe6 Rxd3 31. Rd6 Kf7 32. a4 g5 33. fxg5 Re3+ 34. Kf2 Rxe5 35. h4 Re4 36. g3 Ke7 37. Rd5 Ke6 38. Rxa5 d3 39. Ra8 Ke7 40. Rb8 Rxa4 41. Rb2 Ke6 42. Rd2 Rd4 43. Ke3 Rg4 44. Rg2 Ra4 45. Kxd3 Kf5 46. Rf2+ Ke5 47. Rf3 Ra3+ 48. Ke2 Ra2+ 49. Kf1 Ke4 50. Rf2 1-0

[Event "Hoogeveen Unive op 19th"]
[Site "Hoogeveen"]
[Date "2015.10.19"]
[Round "3"]
[White "Beerdsen, Thomas"]
[Black "Mellema, Andries"]
[Result "1/2-1/2"]
[WhiteElo "2313"]
[BlackElo "2162"]
[PlyCount "90"]
[EventDate "2015.10.17"]
[EventType "swiss"]
[EventRounds "9"]
[EventCountry "NED"]
[SourceTitle "EXT 2017"]
[Source "ChessBase"]
[SourceDate "2016.10.25"]
[SourceVersion "1"]
[SourceVersionDate "2016.10.25"]
[SourceQuality "1"]

1. e4 e6 2. d4 d5 3. Nd2 dxe4 4. Nxe4 Bd7 5. Nf3 Bc6 6. Bd3 Nd7 7. c3 Ngf6 8. Nxf6+ Nxf6 9. Bf4 Bxf3 10. Qxf3 c6 11. 0-0 Qd5 12. Qe2 Qh5 13. Qc2 Be7 14. Qb3 b5 15. a4 Qd5 16. Qc2 b4 17. cxb4 Bxb4 18. Be5 0-0 19. Rac1 Rad8 20. Be2 Bd6 21. Bf3 Qa5 22. Rfe1 Bxe5 23. dxe5 Nd7 24. Be4 g6 25. f4 Nb6 26. Bxc6 Rd2 27. Qb3 Rfd8 28. f5 R2d3 29. Qb5 Qd2 30. fxe6 fxe6 31. a5 Nd5 32. Bxd5 R3xd5 33. Qa6 Rxe5 34. Rf1 Qxa5 35. Qc4 Qd2 36. Qc7 Rf5 37. Qxa7 Qxb2 38. Rxf5 gxf5 39. Re1 Qd2 40. Qa1 Kf7 41. Kh1 Qd4 42. Qa2 Qd5 43. Qe2 Kg7 44. h3 Kf6 45. Qh5 Rg8 1/2-1/2

[Event "Hoogeveen Unive op 19th"]
[Site "Hoogeveen"]
[Date "2015.10.17"]
[Round "1"]
[White "Bogner, Sebastian"]
[Black "Mellema, Andries"]
[Result "1-0"]
[WhiteElo "2557"]
[BlackElo "2162"]
[PlyCount "59"]
[EventDate "2015.10.17"]
[EventType "swiss"]
[EventRounds "9"]
[EventCountry "NED"]
[SourceTitle "CBM 168 Extra"]
[Source "ChessBase"]
[SourceDate "2015.10.29"]
[SourceVersion "1"]
[SourceVersionDate "2015.10.29"]
[SourceQuality "1"]

1. d4 e6 2. c4 Nf6 3. Nf3 b6 4. g3 Bb7 5. Bg2 Bb4+ 6. Nbd2 Ne4 7. 0-0 Nxd2 8. Bxd2 Bxd2 9. Qxd2 d6 10. Qc2 Nd7 11. Rfd1 Qc8 12. b4 Nf6 13. d5 0-0 14. Nd4 e5 15. Nf5 Qd8 16. c5 Bc8 17. Rac1 bxc5 18. bxc5 Rb8 19. Ne3 Ba6 20. Bh3 Rb4 21. a3 Rd4 22. Rxd4 exd4 23. Nf5 dxc5 24. Qxc5 Bxe2 25. Nxd4 Bg4 26. Bg2 h6 27. h3 Bh5 28. Qxc7 Nxd5 29. Qxd8 Rxd8 30. Nc6 1-0

[Event "Hoogeveen Unive op 18th"]
[Site "Hoogeveen"]
[Date "2014.10.13"]
[Round "3"]
[White "Groetzbach, Daniel"]
[Black "Mellema, Andries"]
[Result "0-1"]
[WhiteElo "1976"]
[BlackElo "2136"]
[PlyCount "145"]
[EventDate "2014.10.11"]
[EventType "swiss"]
[EventRounds "9"]
[EventCountry "NED"]
[SourceTitle "EXT 2015"]
[Source "ChessBase"]
[SourceDate "2014.11.20"]
[SourceVersion "1"]
[SourceVersionDate "2014.11.20"]
[SourceQuality "1"]

1. e4 e6 2. d4 d5 3. Nd2 Nf6 4. e5 Ne4 5. Nxe4 dxe4 6. Be3 b6 7. Bb5+ c6 8. Ba4 Bb7 9. c3 b5 10. Bc2 c5 11. Ne2 Nd7 12. 0-0 Qh4 13. Nf4 cxd4 14. cxd4 g5 15. g3 Qh6 16. Nh5 Qg6 17. Qg4 Rc8 18. Rac1 Be7 19. Bb1 0-0 20. f3 Qf5 21. Qxf5 exf5 22. fxe4 fxe4 23. g4 Nb6 24. Ng3 Nc4 25. Nf5 Bd8 26. Nh6+ Kg7 27. Nf5+ Kg6 28. Bf2 Nd2 29. Nd6 Rxc1 30. Rxc1 Bd5 31. Bc2 Be7 32. Nxb5 Rc8 33. Bxe4+ Bxe4 34. Rxc8 Nf3+ 35. Kf1 Nxh2+ 36. Ke1 Nxg4 37. Nc3 Bf3 38. d5 Nxe5 39. Kd2 g4 40. Bxa7 Kf5 41. Rh8 h6 42. Ke1 g3 43. Rxh6 g2 44. Kf2 Kg4 45. Rh2 Nd3+ 46. Kg1 Nf4 47. Bf2 Nh3+ 48. Rxh3 Kxh3 49. Nb5 Bxd5 50. Bd4 Bh4 51. Be5 Bg5 52. Bd4 Bf4 53. Kf2 Bh2 54. Ke1 Bg3+ 55. Kd2 Bxa2 56. Nc3 Bc4 57. Ne4 Bf4+ 58. Ke1 Kh2 59. Nf6 Bg3+ 60. Kd2 Kh1 61. Ne4 Bf4+ 62. Ke1 Kh2 63. Nf6 Be6 64. Ne4 f5 65. Nc5 Bc4 66. b3 Bb5 67. Ne6 Bd6 68. Ng5 Bc6 69. Ke2 f4 70. Nf3+ Bxf3+ 71. Kxf3 g1Q 72. Bxg1+ Kxg1 73. b4 0-1

[Event "Hoogeveen Unive op 16th"]
[Site "Hoogeveen"]
[Date "2012.10.27"]
[Round "9"]
[White "Vos, Tjark"]
[Black "Mellema, Andries"]
[Result "1-0"]
[WhiteElo "2003"]
[BlackElo "2181"]
[PlyCount "80"]
[EventDate "2012.10.19"]
[EventType "swiss"]
[EventRounds "9"]
[EventCountry "NED"]
[SourceTitle "EXT 2013"]
[Source "ChessBase"]
[SourceDate "2012.11.22"]
[SourceVersion "1"]
[SourceVersionDate "2012.11.22"]
[SourceQuality "1"]

1. e4 e6 2. d4 d5 3. Nc3 Nf6 4. Bg5 dxe4 5. Nxe4 Be7 6. Nxf6+ Bxf6 7. Bxf6 Qxf6 8. Nf3 0-0 9. Bd3 c5 10. 0-0 cxd4 11. Nxd4 Rd8 12. Nf3 Na6 13. Qe2 Nc5 14. Rad1 b6 15. Ne5 Nxd3 16. Rxd3 Rxd3 17. Qxd3 Bb7 18. Rd1 h6 19. Qd6 Rc8 20. c3 Qg5 21. g3 Qf5 22. f3 f6 23. Qe7 Qc2 24. Qf7+ Kh7 25. Rd7 Rg8 26. Qxf6 Ba6 27. h4 Qb1+ 28. Kh2 Qxb2+ 29. Kh3 Qb1 30. h5 Qf5+ 31. Qxf5+ exf5 32. Rxa7 Be2 33. Rf7 Ba6 34. Kh4 Bc8 35. Ng6 Re8 36. Re7 Rd8 37. Kh3 Ba6 38. Re6 Rd2 39. g4 Bd3 40. Kg3 fxg4 1-0

[Event "Hoogeveen Unive op 16th"]
[Site "Hoogeveen"]
[Date "2012.10.23"]
[Round "5"]
[White "Van der Lende, Nathalie"]
[Black "Mellema, Andries"]
[Result "0-1"]
[WhiteElo "1968"]
[BlackElo "2181"]
[PlyCount "50"]
[EventDate "2012.10.19"]
[EventType "swiss"]
[EventRounds "9"]
[EventCountry "NED"]
[SourceTitle "EXT 2013"]
[Source "ChessBase"]
[SourceDate "2012.11.22"]
[SourceVersion "1"]
[SourceVersionDate "2012.11.22"]
[SourceQuality "1"]

1. e4 e6 2. d4 d5 3. exd5 exd5 4. Nf3 Nc6 5. c4 Bb4+ 6. Nc3 Nge7 7. cxd5 Nxd5 8. Bd2 0-0 9. Be2 Bg4 10. 0-0 Re8 11. Re1 Nde7 12. Be3 Nf5 13. Qd3 Qe7 14. Bg5 Qd7 15. d5 Bxf3 16. Bxf3 Ne5 17. Qe4 h6 18. Bd2 Nxf3+ 19. Qxf3 Rxe1+ 20. Rxe1 Rd8 21. Re5 Ne7 22. Qg3 Bd6 23. Bf4 Ng6 24. Ne4 Bxe5 25. Bxe5 Qxd5 0-1

[Event "Amsterdam Science Park op-A 2nd"]
[Site "Amsterdam"]
[Date "2012.07.15"]
[Round "2"]
[White "Mellema, Andries"]
[Black "Dehmel, Jens"]
[Result "1-0"]
[WhiteElo "2167"]
[BlackElo "2094"]
[PlyCount "63"]
[EventDate "2012.07.14"]
[EventType "swiss"]
[EventRounds "9"]
[EventCountry "NED"]
[SourceTitle "CBM 149 Extra"]
[Source "ChessBase"]
[SourceDate "2012.08.24"]
[SourceVersion "1"]
[SourceVersionDate "2012.08.24"]
[SourceQuality "1"]

1. e4 e5 2. Bc4 Nc6 3. Nf3 Bc5 4. 0-0 d6 5. h3 Nf6 6. Re1 0-0 7. c3 Bb6 8. d4 Re8 9. Bg5 h6 10. Bh4 g5 11. dxe5 dxe5 12. Qxd8 Rxd8 13. Bg3 Re8 14. Bd5 Nd7 15. Nbd2 Kg7 16. Nc4 f6 17. b4 Ne7 18. a4 c6 19. Nd6 Rd8 20. Be6 Rb8 21. Rad1 Nf8 22. Bxc8 Nxc8 23. Nf5+ Kg6 24. Nxe5+ fxe5 25. Bxe5 Nd7 26. Rxd7 Rxd7 27. Bxb8 Rd2 28. Bg3 a5 29. Rb1 Ra2 30. bxa5 Bxa5 31. Rxb7 Bxc3 32. Rc7 1-0

[Event "Bussum op 29th"]
[Site "Bussum"]
[Date "2012.05.27"]
[Round "4.9"]
[White "Krishnasing, Ashley"]
[Black "Mellema, Andries"]
[Result "1-0"]
[WhiteElo "2010"]
[BlackElo "2167"]
[PlyCount "59"]
[EventDate "2012.05.25"]
[EventType "swiss"]
[EventRounds "7"]
[EventCountry "NED"]
[SourceTitle "CBM 148 Extra"]
[Source "ChessBase"]
[SourceDate "2012.06.22"]
[SourceVersion "1"]
[SourceVersionDate "2012.06.22"]
[SourceQuality "1"]

1. e4 e6 2. d4 d5 3. Nc3 Nc6 4. e5 f6 5. exf6 Nxf6 6. Nf3 Bd6 7. Bg5 0-0 8. Be2 Nb8 9. 0-0 c5 10. Nb5 Nc6 11. c4 Be7 12. Rc1 a6 13. Nc3 h6 14. Bxf6 Bxf6 15. dxc5 d4 16. Ne4 e5 17. a3 a5 18. Bd3 Bg4 19. h3 Bh5 20. Ng3 Bf7 21. Qe1 a4 22. Nf5 Kh8 23. Nd6 Bg8 24. Be4 Qc7 25. Qe2 Na5 26. Bd5 Rae8 27. Nxe8 Rxe8 28. Nd2 Bg5 29. f4 d3 30. Qh5 1-0

[Event "Bussum op 29th"]
[Site "Bussum"]
[Date "2012.05.27"]
[Round "5.14"]
[White "Mellema, Andries"]
[Black "Haver, Bas"]
[Result "1-0"]
[WhiteElo "2167"]
[BlackElo "2007"]
[PlyCount "65"]
[EventDate "2012.05.25"]
[EventType "swiss"]
[EventRounds "7"]
[EventCountry "NED"]
[SourceTitle "CBM 148 Extra"]
[Source "ChessBase"]
[SourceDate "2012.06.22"]
[SourceVersion "1"]
[SourceVersionDate "2012.06.22"]
[SourceQuality "1"]

1. e4 c5 2. Nf3 d6 3. Nc3 Nf6 4. d4 cxd4 5. Nxd4 g6 6. Bc4 Bg7 7. h3 0-0 8. Bb3 Nc6 9. Be3 Bd7 10. 0-0 a6 11. f4 b5 12. Qf3 Rc8 13. Rad1 Qc7 14. Rd2 Nxd4 15. Bxd4 Bc6 16. Kh1 Qb7 17. Nd5 Bxd5 18. exd5 Nd7 19. c3 Nb6 20. Bxg7 Kxg7 21. Re2 Rc5 22. f5 Kg8 23. Re4 Nc4 24. Rd4 Qc8 25. Qe2 Qb7 26. Bc2 Ne5 27. Qe3 Rc4 28. b3 Rcc8 29. Qh6 Nd7 30. Rh4 Nf6 31. fxg6 Qxd5 32. Rxf6 exf6 33. Qxh7# 1-0

[Event "Hoogeveen Unive op 15th"]
[Site "Hoogeveen"]
[Date "2011.10.20"]
[Round "7"]
[White "Klein, David"]
[Black "Mellema, Andries"]
[Result "1-0"]
[WhiteElo "2359"]
[BlackElo "2182"]
[PlyCount "59"]
[EventDate "2011.10.14"]
[EventType "swiss"]
[EventRounds "9"]
[EventCountry "NED"]
[SourceTitle "CBM 144 Extra"]
[Source "ChessBase"]
[SourceDate "2011.10.28"]
[SourceVersion "1"]
[SourceVersionDate "2011.10.28"]
[SourceQuality "1"]

1. g3 g6 2. Bg2 Bg7 3. e4 e6 4. h4 d5 5. Nc3 Nf6 6. exd5 exd5 7. Qe2+ Be6 8. d4 Nc6 9. Be3 Qe7 10. Nh3 0-0-0 11. Nf4 Kb8 12. Nxe6 Qxe6 13. 0-0-0 Rhe8 14. Rhe1 Qd6 15. a3 Qd7 16. Qf1 Ne4 17. Nxe4 dxe4 18. Kb1 f5 19. f3 Qe6 20. fxe4 fxe4 21. Bg5 Rxd4 22. Rxd4 Nxd4 23. Rxe4 Qd7 24. Qd3 Rxe4 25. Bxe4 Qe8 26. Be3 Nf5 27. Bf4 Nd6 28. Bxd6 cxd6 29. Qxd6+ Ka8 30. Qc7 1-0

[Event "Hoogeveen Unive op 15th"]
[Site "Hoogeveen"]
[Date "2011.10.15"]
[Round "2"]
[White "Mellema, Andries"]
[Black "Cox, Jan"]
[Result "1-0"]
[WhiteElo "2182"]
[BlackElo "2008"]
[PlyCount "39"]
[EventDate "2011.10.14"]
[EventType "swiss"]
[EventRounds "9"]
[EventCountry "NED"]
[SourceTitle "CBM 144 Extra"]
[Source "ChessBase"]
[SourceDate "2011.10.28"]
[SourceVersion "1"]
[SourceVersionDate "2011.10.28"]
[SourceQuality "1"]

1. e4 e5 2. Nc3 Nf6 3. g3 d5 4. exd5 Nxd5 5. Bg2 Nxc3 6. bxc3 Nc6 7. Ne2 Bc5 8. 0-0 0-0 9. Rb1 Bb6 10. d3 Qf6 11. h3 Be6 12. Rb2 Rad8 13. Be3 Qg6 14. Kh2 Rd6 15. Qc1 Ne7 16. c4 Qh5 17. c5 Nd5 18. g4 Bxg4 19. Ng3 Qh4 20. Bg5 1-0